000 01601nam a22002537a 4500
001 9635
003 FISKH
005 20260127094036.0
008 260127b cb ||||| |||| 00| 0 eng d
020 _a9781529360462
040 _aFISKH
_beng
_cFISKH
_dFISKH
050 _aPZ7 .N64
082 _a823.92
100 _aNoni, Lynette
245 _aThe blood traitor /
_cLynette Noni
250 _aThis edition publishe in 2024
260 _aLondon :
_bHodder Scape,
_c2022
300 _a341 pages :
_c20 cm
490 _aThe Prison Healer :
_vBook 3
520 _aShe'd failed them. All of them. And now she was paying the price. Kiva thought she knew what she wanted—revenge. But feelings change, people change . . . everything has changed. After what happened at the palace, Kiva is desperate to know if her friends and family are safe, and whether those she wronged can ever forgive her. But with the kingdoms closer to the brink of war than they've ever been, and Kiva far away from the conflict, more is at stake than her own broken heart. A fresh start will mean a perilous quest, forcing mortal enemies and uneasy allies together in a race against the clock to save not just Evalon, but all of Wenderall. With her loyalties now set, Kiva can no longer just survive—she must fight for what she believes in. For who she believes in. But with danger coming from every side, and the lives of everyone she loves at risk, does she have what it takes to stand, or will she fall?
650 _aFantasy
_vRomance
_xYoung Adult
_yPrison Healer
942 _2ddc
_cBK
_n0
999 _c9635
_d9635